Capitals Of Countries Bordering Brazil - Statistics

General Stats
  • This quiz has been taken 24 times
    19 since last reset
  • The average score is 9 of 10
Answer Stats
Capital % Correct
Buenos Aires
100%
Lima
100%
Asuncion
94%
Bogota
94%
Caracas
94%
La Paz | Sucre
94%
Montevideo
94%
Paris
94%
Paramaribo
89%
Georgetown
83%
No matching quizzes found
Score Distribution
Percent of People with Each Score
Percentile by Number Answered
Your Score History
You have not taken this quiz since the last reset